| 000 | 00427 a2200169 4500 | ||
|---|---|---|---|
| 020 | _a8129705877 | ||
| 022 | _a9788129705877 | ||
| 082 | _a332.091724 | ||
| 090 |
_c2613 _d2613 |
||
| 100 | _aBlejer,Mario I. | ||
| 245 |
_aFinancial Policies in Emerging Markets _cMario I.Blejer |
||
| 250 | _a1st | ||
| 260 |
_aU.S.A _bPearson Education _c2004 |
||
| 300 | _a259p | ||
| 500 | _aPaper cover | ||
| 942 |
_aNBS _cBK _k332.091724 BLE |
||
| 999 |
_c345106 _d345106 |
||